Busiest Air Routes in the USA - Statistics

General Stats
  • This quiz has been taken 316 times
  • The average score is 45 of 50
Answer Stats
Passengers (April 2018) City City % Correct
353,788 San Francisco Los Angeles
98%
157,394 San Francisco Newark
98%
150,774 San Francisco Denver
98%
237,964 Atlanta Orlando
97%
205,251 Atlanta New York
97%
136,273 Atlanta Detroit
97%
209,417 Seattle Los Angeles
97%
186,545 Seattle San Francisco
97%
149,795 Seattle Las Vegas
97%
231,236 Chicago Los Angeles
96%
173,515 Chicago San Francisco
96%
152,763 Chicago Denver
96%
144,716 Chicago Atlanta
96%
141,081 Chicago Phoenix
96%
271,993 New York Chicago
96%
181,828 New York San Francisco
96%
189,692 Phoenix Denver
96%
148,377 Phoenix Seattle
96%
168,514 Denver Las Vegas
95%
151,433 Denver Seattle
95%
139,071 Denver Salt Lake City
95%
187,929 Dallas Chicago
94%
151,627 Dallas Atlanta
94%
145,426 Miami New York
94%
138,687 Miami Atlanta
94%
196,588 Orlando Newark
94%
135,904 Orlando New York
94%
150,541 Washington, DC Atlanta
94%
139,576 Washington, DC Chicago
94%
172,742 Boston Atlanta
92%
144,876 Boston Chicago
92%
135,734 Boston Washington, DC
92%
157,081 Las Vegas San Francisco
92%
184,524 Honolulu Los Angeles
90%
152,150 Honolulu Kahului
90%
294,901 Los Angeles New York
88%
243,537 Los Angeles Las Vegas
88%
211,621 Los Angeles Denver
88%
185,074 Los Angeles Atlanta
88%
175,295 Los Angeles Dallas
88%
145,503 Los Angeles Phoenix
88%
141,335 Philadelphia Orlando
87%
134,954 Philadelphia Atlanta
87%
156,628 San Diego San Francisco
85%
136,564 Newark Los Angeles
81%
179,775 Tampa Atlanta
77%
139,380 New Orleans Atlanta
71%
154,183 Baltimore Atlanta
69%
230,196 Fort Lauderdale Atlanta
57%
166,003 Fort Lauderdale Newark
57%
No matching quizzes found
Score Distribution
Percent of People with Each Score
Percentile by Number Answered
Your Score History
You have not taken this quiz